00905nam a22002417a 4500003000500000005001700005008004100022010001000063011001000073035001100083040000900094100003200103245021200135260004000347300004400387502007700431650002500508650002500533650002500558650002200583650002600605700003200631CHAP20220817044246.0090330s2008 mx a r 00010 spa d a95947 a96919 a107576 cCHAP1 aPortas Fernández, Blanca.13aEl anturio (Anthurium andreanum L.) como alternativa para el desarrollo de las mujeres productoras en los municipios de Huatusco y Zentla, Veracruzc/por Blanca Portas Fernández y Mariana Jáuregui Arenas aChapingo, Méx. :bEl autor,c2008 axiv, 108 h. :bilus., cuadros, gráfs. aTesis (Ing. Agr. Esp. en Fitotecnia) -- UACH. Departamento de Fitotecnia04aTrabajo de la mujer.14aAnturioxVariedades.14aEmpresas pequeñas.14aFloresxMercadeo.14aPlantas ornamentales.1 aJáuregui Arenas, Mariana.